[Event "CZE-chT rap"]
[Site "Pardubice"]
[Date "2014.07.11"]
[Round "3.3"]
[White "Turcel, Jozef"]
[Black "Jaracz, Pawel"]
[Result "0-1"]
[WhiteElo "2072"]
[BlackElo "2497"]
[PlyCount "56"]
[EventDate "2014.07.10"]
[EventType "team-swiss"]
[EventRounds "7"]
[EventCountry "CZE"]
[SourceTitle "CBM 161 Extra"]
[Source "ChessBase"]
[SourceDate "2014.08.29"]
[SourceVersion "1"]
[SourceVersionDate "2014.08.29"]
[SourceQuality "1"]

1. e4 c5 2. c3 Nf6 3. e5 Nd5 4. d4 cxd4 5. cxd4 d6 6. exd6 e6 7. Nf3 Bxd6 8. Bd3 0-0 9. 0-0 Nd7 10. Nc3 Nxc3 11. bxc3 Qc7 12. c4 b6 13. c5 bxc5 14. dxc5 Nxc5 15. Bxh7+ Kxh7 16. Ng5+ Kg6 17. Qg4 f5 18. Qh4 Bb7 19. Qh7+ Kf6 20. f4 Nd3 21. Qh3 Qb6+ 22. Be3 Bc5 23. Nh7+ Kf7 24. Qh5+ g6 25. Ng5+ Kf6 26. Qh7 Bxe3+ 27. Kh1 Qb2 28. Nf3 Nf2+ 0-1

[Event "SVK-chT2C 10/11"]
[Site "Slovakia"]
[Date "2011.02.06"]
[Round "7.6"]
[White "Ondras, Michal"]
[Black "Turcel, Jozef"]
[Result "0-1"]
[WhiteElo "1943"]
[BlackElo "2033"]
[PlyCount "80"]
[EventDate "2010.10.23"]
[EventType "team-tourn"]
[EventRounds "11"]
[EventCountry "SVK"]
[SourceTitle "EXT 2019"]
[Source "ChessBase"]
[SourceDate "2018.10.10"]
[SourceVersion "1"]
[SourceVersionDate "2018.10.10"]
[SourceQuality "1"]
[WhiteTeam "Cadca Caissa"]
[BlackTeam "Zilina Mladost II"]
[WhiteTeamCountry "SVK"]
[BlackTeamCountry "SVK"]

1. d4 Nf6 2. Nf3 g6 3. c4 Bg7 4. Nc3 d5 5. e3 0-0 6. cxd5 Nxd5 7. Bc4 Nxc3 8. bxc3 c5 9. 0-0 Qc7 10. Qe2 Nc6 11. Ba3 Na5 12. Bd3 b6 13. Rab1 c4 14. Bc2 Ba6 15. Rfd1 Nb7 16. e4 Nd6 17. e5 Nb5 18. Bb4 Bb7 19. a4 a5 20. axb5 axb4 21. Rxb4 Ra2 22. Ra4 Ra8 23. Rxa2 Rxa2 24. Rb1 Bh6 25. e6 f5 26. Ne5 Be4 27. Qxc4 Qxc4 28. Nxc4 Bxc2 29. Re1 Bd3 30. Nxb6 Bd2 31. Rd1 Bc2 32. Rf1 Bxc3 33. Nd5 Bxd4 34. Nxe7+ Kf8 35. Nc6 Bc5 36. Re1 Bd3 37. e7+ Ke8 38. Rd1 Bxe7 39. Re1 Re2 40. Rxe2 Bxe2 0-1

[Event "SVK-chT1E 0910"]
[Site "Slovakia"]
[Date "2009.10.17"]
[Round "1.2"]
[White "Turcel, Jozef"]
[Black "Turkova, Karolina"]
[Result "1/2-1/2"]
[WhiteElo "2055"]
[BlackElo "1861"]
[PlyCount "61"]
[EventDate "2009.10.17"]
[EventType "team"]
[EventRounds "11"]
[EventCountry "SVK"]
[SourceTitle "EXT 2011"]
[Source "ChessBase"]
[SourceDate "2010.11.26"]
[SourceVersion "1"]
[SourceVersionDate "2010.11.26"]
[SourceQuality "1"]
[WhiteTeam "Zilina Mladost juniors"]
[BlackTeam "Liptov Chess School"]
[WhiteTeamCountry "SVK"]
[BlackTeamCountry "SVK"]

1. e4 e5 2. Nf3 Nc6 3. Bb5 a6 4. Ba4 Nf6 5. 0-0 Be7 6. Re1 b5 7. Bb3 d6 8. h3 0-0 9. c3 Na5 10. Bc2 c5 11. d4 Qc7 12. Nbd2 cxd4 13. cxd4 Nc6 14. Nf1 Nxd4 15. Nxd4 exd4 16. Bb3 Qc5 17. Bf4 Bb7 18. Ng3 g6 19. Rc1 Qb6 20. e5 dxe5 21. Bxe5 Rac8 22. Bxd4 Qd6 23. Be5 Qb6 24. Qd4 Qxd4 25. Bxd4 Rxc1 26. Rxc1 Rc8 27. Re1 Bb4 28. Rd1 Ne4 29. Nxe4 Bxe4 30. Bf6 Bc6 31. Rd8+ 1/2-1/2

[Event "SVK-chT2C 0607"]
[Site "Slovakia"]
[Date "2007.01.13"]
[Round "7.6"]
[White "Turcel, Jozef"]
[Black "Kollar, Vladimir"]
[Result "0-1"]
[WhiteElo "2052"]
[BlackElo "2023"]
[PlyCount "68"]
[EventDate "2006.10.14"]
[EventType "team-tourn"]
[EventRounds "11"]
[EventCountry "SVK"]
[SourceTitle "EXT 2008"]
[Source "ChessBase"]
[SourceDate "2007.11.25"]
[SourceVersion "1"]
[SourceVersionDate "2007.11.25"]
[SourceQuality "1"]
[WhiteTeam "Zilina Mladost II"]
[BlackTeam "Zilina Central"]
[WhiteTeamCountry "SVK"]
[BlackTeamCountry "SVK"]

1. e4 e6 2. d4 d5 3. exd5 exd5 4. Bd3 Nf6 5. Nf3 Bd6 6. h3 h6 7. 0-0 0-0 8. Nc3 c6 9. Ne5 Re8 10. f4 Nbd7 11. Ne2 Nf8 12. Ng3 c5 13. c3 Qb6 14. Kh1 cxd4 15. cxd4 Ne6 16. Nf5 Bf8 17. Rf3 Nd8 18. Rg3 Kh8 19. Bc2 Ne4 20. Bxe4 dxe4 21. Ne3 Qd6 22. b3 b5 23. Bb2 Kh7 24. f5 Bb7 25. Qh5 Be7 26. Rf1 Rg8 27. N3g4 Bg5 28. h4 g6 29. fxg6+ fxg6 30. Nxg6 Qxg3 31. Nf8+ Rxf8 32. Rxf8 Qxh4+ 33. Qxh4 Bxh4 34. Kh2 Kg7 0-1

[Event "SVK-chT2C 0607"]
[Site "Slovakia"]
[Date "2006.11.25"]
[Round "3.6"]
[White "Gregor, Zdenek"]
[Black "Turcel, Jozef"]
[Result "1/2-1/2"]
[WhiteElo "1787"]
[BlackElo "2052"]
[PlyCount "104"]
[EventDate "2006.10.14"]
[EventType "team-tourn"]
[EventRounds "11"]
[EventCountry "SVK"]
[SourceTitle "EXT 2008"]
[Source "ChessBase"]
[SourceDate "2007.11.25"]
[SourceVersion "1"]
[SourceVersionDate "2007.11.25"]
[SourceQuality "1"]
[WhiteTeam "Banska Bystrica TH Junior"]
[BlackTeam "Zilina Mladost II"]
[WhiteTeamCountry "SVK"]
[BlackTeamCountry "SVK"]

1. d4 Nf6 2. c4 g6 3. Nc3 Bg7 4. e4 0-0 5. Be3 c5 6. d5 d6 7. f3 Nfd7 8. Qd2 f5 9. h4 fxe4 10. Nxe4 Nf6 11. Bd3 Nbd7 12. Ne2 Ne5 13. 0-0-0 Nxe4 14. fxe4 Ng4 15. h5 Nf2 16. hxg6 hxg6 17. Bxf2 Rxf2 18. Qg5 Qe8 19. Rdf1 Bf6 20. Qg3 Rxf1+ 21. Rxf1 Qf7 22. Nf4 Qg7 23. Qxg6 Bxb2+ 24. Kc2 Qxg6 25. Nxg6 Bf6 26. e5 dxe5 27. d6 Be6 28. dxe7 Kg7 29. Nf8 Bf7 30. Nd7 Bxe7 31. Nxe5 Bf6 32. Nf3 Rd8 33. Rh1 Bg6 34. Bxg6 Kxg6 35. Re1 Kf5 36. Rf1 Kg6 37. Nd2 Rd4 38. Rf3 Bg5 39. Nb3 Rxc4+ 40. Kd3 Rg4 41. Nxc5 Rxg2 42. Nxb7 Rxa2 43. Nc5 Ra3+ 44. Ke4 Rxf3 45. Kxf3 Kf5 46. Ke2 Ke5 47. Kd3 Kd5 48. Nb3 Bf6 49. Na5 Kc5 50. Kc2 a6 51. Kb3 Bg5 52. Ka4 Be3 1/2-1/2